Statistics for Famous Communists #2

Click here to take the quiz!

General Stats

  • This quiz has been taken 103 times
  • The average score is 11 of 20

Answer Stats

HintAnswer% Correct
KMA German political thinker and author of Das Kapital and The Communist ManifestoKarl Marx
98%
JSThe second leader of the USSR, winner of the World War II, responsible for the deaths of millionsJoseph Stalin
95%
FCA Cuban communist revolutionary and politician who died in 2016Fidel Castro
94%
KIThe Eternal Leader of North KoreaKim Il-sung
91%
NMAn anti-apartheid revolutionary and the first black President of South AfricaNelson Mandela
90%
MGThe last leader of the Soviet UnionMikhail Gorbachev
89%
XJThe current President of the People's Republic of ChinaXi Jinping
84%
JBTA Yugoslav communist revolutionary and political leader for almost four decadesJosip Broz Tito
78%
LBThe General Secretary (leader) of the Soviet Union from 1964 to 1982Leonid Brezhnev
74%
JSAn American writer who received a Nobel Prize, author of the novella Of Mice and MenJohn Steinbeck
59%
JPSA French existentialist who refused a Nobel Prize, author of novels Nausea and The WallJean-Paul Sartre
57%
!LBAn American actress, the star of various sitcoms (I Love Lucy, The Lucy Show,...)Lucille Ball
43%
WEB DBAn American sociologist and activist, author of The Souls of Black FolkW. E. B. Du Bois
34%
VTThe first woman to have flown in spaceValentina Tereshkova
23%
NCPresident of Romania (1965-1989), after the revolution he was deposed, tried and executedNicolae Ceaușescu
21%
AMAn Italian novelist and journalist born as Alberto Pincherle, author of Gli indifferentiAlberto Moravia
13%
WPThe first President of East GermanyWilhelm Pieck
10%
A French poet and co-founder of surrealism, author of Capitale de la douleurPaul Éluard
6%
MHA Spanish language poet and playwright associated with the Generation of '27 and the Generation of '36 movementMiguel Hernández
5%
RKA fictional character and the main antagonist from the James Bond novel/film From Russia with Love, portrayed by Lotte LenyaRosa Klebb
4%

Score Distribution

Percentile by Number Answered

Percent of People with Each Score

Your Score History

You have not taken this quiz